<?xml version="1.0" encoding="UTF-8"?>
<marc:record xmlns:marc="http://www.loc.gov/MARC21/slim">
   <marc:leader>00000nam a2200000 a 4500</marc:leader>
   <marc:datafield ind1="1" ind2=" " tag="100">
      <marc:subfield code="a">Sundance, Ka</marc:subfield>
      <marc:subfield code="4">aut</marc:subfield>
      <marc:subfield code="e">Verfasser/-in</marc:subfield>
   </marc:datafield>
   <marc:datafield ind1="0" ind2="0" tag="245">
      <marc:subfield code="a">Mit 6 Kindern um die Welt</marc:subfield>
   </marc:datafield>
   <marc:datafield ind1="0" ind2="0" tag="245">
      <marc:subfield code="b">nirgendwo wohnen, überall leben - wie wir das Glück suchten und fanden</marc:subfield>
   </marc:datafield>
   <marc:datafield ind1="0" ind2="0" tag="245">
      <marc:subfield code="c">Ka Sundance</marc:subfield>
   </marc:datafield>
   <marc:datafield ind1=" " ind2="1" tag="264">
      <marc:subfield code="a">München</marc:subfield>
      <marc:subfield code="b">Riva</marc:subfield>
      <marc:subfield code="c">2017</marc:subfield>
   </marc:datafield>
   <marc:datafield ind1=" " ind2=" " tag="250">
      <marc:subfield code="a">Originalausgabe, 1. Auflage</marc:subfield>
   </marc:datafield>
   <marc:datafield ind1="1" ind2=" " tag="520">
      <marc:subfield code="a">Angaben aus der Verlagsmeldung

Mit sechs Kindern um die Welt : Nirgendwo wohnen, überall leben – Wie wir das Glück suchten und fanden / von Ka Sundance

Sie sind zu acht und sie sind auf der ganzen Welt zu Hause. Ob Thailand, Peru, Australien, Neuseeland oder La Palma – die SundanceFamily zeigt, dass man auch mit Kindern frei und unabhängig sein kann. Ihr zwangloses und unbeschwertes Leben, von dem sie öffentlichkeitswirksam auf YouTube und Facebook berichten, übt auf viele eine große Faszination aus. Manch einer hält sie für Glückspilze. Aber für Ka Sundance und seine Familie steht fest: Das hat nichts mit Glück zu tun, beruht auf einer klaren Entscheidung!
Angefangen bei den Reiseerlebnissen aus ihren Jugendjahren berichtet der sechsfache Vater, was ihn und seine Frau vor über 20 Jahren zu der Entscheidung bewogen hat, ihr altes Leben in Deutschland aufzugeben und sich von ihren festen Gewohnheiten und alltäglichen Verpflichtungen zu lösen. Er erzählt, wie sie ihrem Leben durch das Reisen mehr Sinn, Fülle und Freiheit verliehen haben und wie es ihnen gelungen ist, aus ihrem Lebensentwurf ein Geschäftsmodell zu entwickeln, das nicht nur satt, sondern auch zufrieden macht – getreu ihrem Lebensmotto: Tu, was du liebst!
Wer glaubt, Freiheit und Familie ließen sich nicht miteinander in Einklang bringen, wird hier eines Besseren belehrt. Außerdem enthält dieses Buch viele nützliche Anregungen und Tipps, wie der Traum von einem selbstbestimmten Familienleben wahr werden kann.
</marc:subfield>
   </marc:datafield>
   <marc:datafield ind1=" " ind2=" " tag="020">
      <marc:subfield code="a">9783742301055</marc:subfield>
      <marc:subfield code="9">9783742301055</marc:subfield>
   </marc:datafield>
   <marc:datafield ind1=" " ind2=" " tag="020">
      <marc:subfield code="a">3742301055</marc:subfield>
      <marc:subfield code="9">3742301055</marc:subfield>
   </marc:datafield>
   <marc:datafield ind1=" " ind2=" " tag="041">
      <marc:subfield code="a">ger</marc:subfield>
   </marc:datafield>
   <marc:datafield ind1=" " ind2=" " tag="300">
      <marc:subfield code="a">238 Seiten, 8 ungezählte Seiten</marc:subfield>
   </marc:datafield>
</marc:record>
